Reforma constitucional, propuesta por S.E. el Presidente de la República Don Jorge Alessandri Rodríguez, al Congreso Nacional

Guardat en:
Dades bibliogràfiques
Autor principal: Alessandri Rodríguez, Jorge (Autor)
Format: Llibre
Idioma:espanyol
Publicat: s.l s.n 1964
Matèries:
Etiquetes: Afegir etiqueta
Sense etiquetes, Sigues el primer a etiquetar aquest registre!

MARC

LEADER 00000cam a2200000 a 4500
001 UCB0111
003 CL-VaPUC
005 20240807163630.0
008 191213e196400000 spa d
082 0 4 |a 342.83  |b ALE  |2 21 
100 1 |a Alessandri Rodríguez, Jorge  |e author  |9 359956 
245 1 0 |a Reforma constitucional, propuesta por S.E. el Presidente de la República Don Jorge Alessandri Rodríguez, al Congreso Nacional 
260 |a s.l  |b s.n  |c 1964 
300 |a 74 p 
583 |a last modification  |c 20191213 11:48:00  |k Rodrigo Vera 
650 0 0 |a Derecho constitucional chileno  |9 478271 
650 0 0 |a Reforma constitucional  |9 332804 
942 |c BK 
945 |a cmena  |d 20191213 11:48:00 
999 |c 376333  |d 376331 
952 |0 0  |1 0  |3 erb  |4 0  |6 342_830000000000000_ALE_1964  |7 0  |8 A  |9 495710  |a BIBDER  |b BIBDER  |e Precht Pizarro, Jorge Enrique  |i 5609607  |o 342.83 ALE 1964  |p 5609607  |r 2023-01-25  |w 2020-01-06  |y BK  |z Catalogado en:20191213  |k DER